| 000 | 00428cam a2200181ua 4500 | ||
|---|---|---|---|
| 020 | _c11.00 | ||
| 041 |
_ahin _h |
||
| 082 |
_a891.54 _bMOH/AN |
||
| 100 | _aMohan, Rakesh . | ||
| 245 |
_aAndhere bandh kamare / _cMohan Rakesh. _hTextual Documents |
||
| 250 |
_a1 / _b. |
||
| 260 |
_aDelhi : _bRajkamal Prakash , _c1961. |
||
| 300 | _a539 ; . | ||
| 365 | _a11.00 | ||
| 504 | _a | ||
| 942 | _cBK | ||
| 999 |
_c8034 _d8034 |
||